YouTuber by Their Username Quiz Stats

 Plays Quiz not verified by Sporcle

Challenge
Share
Tweet
Embed
Score 0/14 Timer 10:00
1 Play Today
Hint Answer % Correct
DanisnotonfireDan Howell
76.9%
AmazingPhilPhil Lester
75.7%
nigahigaRyan Higa
70.5%
MyHartoHannah Hart
68.7%
SmoshIan Hecox and Anthony Padilla
62.8%
JacksGapJack Harries & Finn Harries
56.2%
VlogBrothersJohn Green and Hank Green
51.7%
Hint Answer % Correct
TobuscusToby Turner
43%
PewDiePieFelix Kjellberg
40.7%
ItsWayPastMyBedTime Carrie Hope Fletcher
33.1%
CrabstickzChris Kendall
31.3%
CharlieissocoollikeCharlie McDonnell
30.9%
JennaMarblesJenna Mourey
30%
KickthePJPJ Liguori
27.1%

You're not logged in!

Compare scores with friends on all Sporcle quizzes.
OR
Log In

You Might Also Like...

Show Comments

Extras

Top Quizzes Today


Score Distribution

Your Account Isn't Verified!

In order to create a playlist on Sporcle, you need to verify the email address you used during registration. Go to your Sporcle Settings to finish the process.

Report this User

Report this user for behavior that violates our Community Guidelines.

Details: